Aktuální problémy cestovního ruchu : "Cestovní ruch a jeho dopady na společnost" : sborník z mezinárodní konference = Topical Issues of Tourism : "Tourism and its Impacts on Society" : an almanac of the international conference : Jihlava 26.-27.2.2014

Další autoři: Aktuální problémy cestovního ruchu (konference)
Jazyk: Slovenština
Čeština
Angličtina
Vydáno: Jihlava : Vysoká škola polytechnická, 2014
Témata:
Externí odkaz: Digitalizovaný dokument
Fyzický popis: 1 CD-ROM (260 stran) : ilustrace (převážně barevné), mapy ; 12 cm
Language note: Částečně anglický a slovenský text, česká, anglická a slovenská resumé
Knihy
Uloženo v:
LEADER 01839nam a2200421 i 4500
001 001523008
003 CZ BrMZK
005 20171204083745.0
006 m d
007 co cg
008 160428s2014 xr ab f 100 0 cze
020 |a 978-80-87035-56-6  |q (CDR) 
040 |a BOA001  |b cze  |e rda 
041 0 |a cze  |a eng  |a slo  |b cze  |b eng  |b slo 
072 7 |a 338.3/.4  |x Hospodářská a výrobní odvětví  |2 Konspekt  |9 4 
080 |a 338.48  |2 MRF 
080 |a (062.534)  |2 MRF 
080 |a (0.034.44)  |2 MRF 
111 2 |a Aktuální problémy cestovního ruchu (konference)  |n (9. :  |d 2014 :  |c Jihlava, Česko)  |7 mzk2016920155  |4 aut 
245 1 0 |a Aktuální problémy cestovního ruchu :  |b "Cestovní ruch a jeho dopady na společnost" : sborník z mezinárodní konference = Topical Issues of Tourism : "Tourism and its Impacts on Society" : an almanac of the international conference : Jihlava 26.-27.2.2014 
246 3 0 |a Cestovní ruch a jeho dopady na společnost 
246 3 0 |a Tourism and its Impacts on Society 
246 3 1 |a Topical Issues of Tourism 
264 1 |a Jihlava :  |b Vysoká škola polytechnická,  |c 2014 
300 |a 1 CD-ROM (260 stran) :  |b ilustrace (převážně barevné), mapy ;  |c 12 cm 
336 |a text  |b txt  |2 rdacontent 
337 |a počítač  |b c  |2 rdamedia 
338 |a počítačový disk  |b cd  |2 rdacarrier 
347 |a textový soubor  |b PDF  |2 rda 
500 |a Název z disku 
546 |a Částečně anglický a slovenský text, česká, anglická a slovenská resumé 
650 0 7 |a cestovní ruch  |7 ph119113  |2 czenas 
655 7 |a sborníky konferencí  |7 fd133333  |2 czenas 
655 7 |a CD-ROM  |7 fd133955  |2 czenas 
856 4 1 |u http://www.digitalniknihovna.cz/mzk/view/uuid:9b5b50a1-3f87-4cb7-ad8b-c0b4ae36b274  |y Digitalizovaný dokument 
910 |a BOA001  |b CDR-1368.091 
990 |a BK 
991 |b 201607  |c NOV